| 000 | 00612nam a22002057a 4500 | ||
|---|---|---|---|
| 003 | OSt | ||
| 005 | 20251106062728.0 | ||
| 008 | 251106b |||||||| |||| 00| 0 eng d | ||
| 020 | _a978-1-68095-597-2 | ||
| 040 |
_aDWCL - Main Lib _cOC |
||
| 082 | _aCirc. 700 P578 2017 | ||
| 110 | _a3G E-Learning FZ LLC | ||
| 245 |
_aPhysical Education and Health / _c3G E-Learning FZ LLC |
||
| 260 |
_aUAE : _b3G E-Learning FZ LLC, _cc2017. |
||
| 300 |
_aiv, 131 pages : _billustrations ; _c27cm. |
||
| 504 | _aIncludes index. | ||
| 650 | _a1. Physical Education | ||
| 650 | _a2. Health | ||
| 942 |
_2ddc _cBK-CIRC _mCirc. _n0 |
||
| 999 |
_c5594 _d5594 |
||